| 000 | 01172nam a2200241 a 4500 | ||
|---|---|---|---|
| 001 | 62775 | ||
| 003 | BD-RjUL | ||
| 005 | 20211209081124.0 | ||
| 008 | 170125s1994 bg ||||| |||| 00| 0 ben d | ||
| 020 | _c: Tk. 100.00 | ||
| 035 | _a(BD-RjUL) | ||
| 040 |
_aBD-RjUL _bben _cBD-RjUL |
||
| 041 | _aben | ||
| 082 |
_223 _a780.954 _bSHN 1994 |
||
| 100 | 1 |
_aশার্ঙ্গদেব, নিঃশঙ্ক _9173173 |
|
| 245 | 1 | 0 |
_aনিঃশঙ্ক শার্ঙ্গদেব প্রণীত সংগীত রত্নাকর / _cনিঃশঙ্ক শার্ঙ্গদেব ; স্টীক বঙ্গানুবাদ, প্রদীপ কুমার ঘোষ |
| 260 |
_aকলকাতা : _bপশ্চিমবঙ্গ রাজ্য সংগীত আকাদেমি, _c১৯৯৪ |
||
| 300 |
_a[১০], ২৫৩ পৃ. ; _c২৩ সেমি. |
||
| 650 |
_aসঙ্গীত _xইতিহাস ও সমালোচনা _zভারত _9186585 |
||
| 650 |
_aMusic _xHistory and Criticism _zIndia _9186586 |
||
| 700 |
_aঘোষ, প্রদীপ কুমার, অনুবাদক _9186587 |
||
| 942 |
_2ddc _cBK |
||
| 999 |
_c62775 _d62775 |
||